Дело по записке второго отделения Департамента, касательно сокращения расходов по Санкт-Петербургскому университету

Доступно только в Электронных читальных залах Найти на картеНа карте
RUSMARC
00003577nmc2a22002413x 450
0014ef480a4-f3e9-4118-93e8-cb9fd6b90e84
00520260210202921.0
100##$a20250818l18261826k l0rusy0189 ca
1010#$arus
102##$aRU
105##$ay###
1222#$ad
2001#$aДело по записке второго отделения Департамента, касательно сокращения расходов по Санкт-Петербургскому университету
$j19 февраля - 24 августа 1826 г.
215##$a8 л.
$d36,5х26 см
251##$cДело
300##$aДело
371##$aДокумент не является опубликованным и широко распространяемым
461#0$1001a74412a3-3cc5-4d21-8f0a-dfe2fbd9e72d
$12001
$aДепартамент народного просвещения Министерства народного просвещения (1803-1917)
$1251
$cФонд
$1852
$j733
462#0$1001a6622fb3-31f3-4f49-aac3-243f6793e8d6
$12001
$aДела Департамента народного просвещения за 1818-1862 годы
$1251
$cОпись
$1852
$j113
801#0$aRU
$bРГИА
$c20250818
$gRCR
801#1$aRU
$bГлавНИВЦ
$c20250818
$2rusmarc
801#2$aRU
$bПБ им. Б.Н. Ельцина
$c20260210
$gRCR
$2rusmarc
850##$aРГИА
852##$aРГИА
$eФедеральное казенное учреждение "Российский государственный исторический архив" (РГИА)
$j27
937##$hРГИА
$d12094415
$aASBIBLIO_SCAN
035##$aRusGRCC00089175
856##$uhttp://readingroom.main.prlib.ru/item.aspx?id_node=n200429317&mode=full
Формат отображения